[Event "World Open 2014"]
[Site "Arlington, VA"]
[Date "2014.07.06"]
[Round "8.4"]
[White "Azarov, Sergei"]
[Black "Perelshteyn, Eugene"]
[Result "1-0"]
[WhiteElo "2617"]
[BlackElo "2522"]
[PlyCount "147"]
[EventDate "2014.07.??"]
[EventType "swiss"]
[EventRounds "9"]
[EventCountry "USA"]
[WhiteClock "0:01:13"]
[BlackClock "0:04:32"]

1. e4 c5 2. Nf3 e6 3. d4 cxd4 4. Nxd4 Nf6 5. Nc3 Nc6 6. Ndb5 Bb4 7. a3 Bxc3+ 8.
Nxc3 d5 9. exd5 exd5 10. Bd3 O-O 11. O-O d4 12. Ne2 Bg4 13. f3 Bh5 14. Nf4 Bg6
15. Nxg6 hxg6 16. f4 Ne7 17. Qf3 Qb6 18. a4 Nf5 19. Bd2 a5 20. b4 axb4 21. Rfb1
Qc6 22. Qxc6 bxc6 23. Bxb4 Rfb8 24. Rb3 Nd7 25. a5 c5 26. Be1 Nd6 27. Rxb8+
Nxb8 28. f5 gxf5 29. Bg3 Ne4 30. a6 Nxg3 31. hxg3 Nc6 32. Bxf5 Ra7 33. Bd3 Nb4
34. Bc4 Kf8 35. Ra5 Nxc2 36. Rxc5 Nb4 37. Rb5 Nc6 38. Rb6 Nd8 39. Rd6 Ne6 40.
Rb6 Nd8 41. Kf2 Ke7 42. Bb5 Rc7 43. Ke2 Ra7 44. Kd3 Ne6 45. Bc4 Nd8 46. Kxd4
Kd7 47. Bd5 Rc7 48. g4 Kc8 49. g5 Rd7 50. Kc5 Rc7+ 51. Kd4 Rd7 52. g6 fxg6 53.
g4 g5 54. Ke5 Rc7 55. Be6+ Nxe6 56. Kxe6 Ra7 57. Kf5 Rc7 58. Kxg5 Rc5+ 59. Kg6
Kc7 60. Rb7+ Kc8 61. Rxg7 Rc6+ 62. Kh7 Rxa6 63. g5 Ra1 64. Re7 Kd8 65. Re5 Kd7
66. g6 Rh1+ 67. Kg8 Kd6 68. Re2 Rg1 69. g7 Rh1 70. Re4 Rh2 71. Kf7 Rf2+ 72. Kg6
Rg2+ 73. Kf6 Kd7 74. Re5 1-0

[Event "World Open 2014"]
[Site "Arlington, VA"]
[Date "2014.07.06"]
[Round "8"]
[White "Paragua, Mark"]
[Black "Suarez, Isan"]
[Result "1-0"]
[WhiteElo "2506"]
[BlackElo "2592"]
[PlyCount "71"]
[EventDate "2014.07.??"]
[EventType "swiss"]
[EventRounds "9"]
[EventCountry "USA"]

1. d4 f5 2. Bg5 g6 3. Nc3 Bg7 4. e4 fxe4 5. Nxe4 d5 6. Nc3 Nh6 7. Qd2 Nf7 8.
Be3 c5 9. Na4 cxd4 10. Bxd4 e5 11. Bc5 Nc6 12. Nf3 Be6 13. Bb5 Nd6 14. Ng5 Bh6
15. Be3 Bg8 16. Nf7 Bxf7 17. Bxc6+ bxc6 18. Bxh6 Nc4 19. Qb4 Rb8 20. Qc5 Qc7
21. f4 Rb5 22. Qf2 Qa5+ 23. Nc3 Rxb2 24. O-O Qb6 25. Na4 Qxf2+ 26. Rxf2 Rb4 27.
Nc5 e4 28. f5 Ke7 29. c3 Rb2 30. Rxb2 Nxb2 31. Rb1 Nd3 32. Rb7+ Kf6 33. Be3 Rd8
34. Bd4+ Kxf5 35. Rxf7+ Kg4 36. h3+ 1-0

[Event "World Open 2014"]
[Site "Arlington, VA"]
[Date "2014.07.06"]
[Round "8"]
[White "Batista, Lazaro"]
[Black "Shabalov, Alexander"]
[Result "1/2-1/2"]
[WhiteElo "2696"]
[BlackElo "2501"]
[PlyCount "198"]
[EventDate "2014.07.??"]
[EventType "swiss"]
[EventRounds "9"]
[EventCountry "USA"]

1. e4 c6 2. d4 d5 3. Nc3 dxe4 4. Nxe4 Nf6 5. Nxf6+ gxf6 6. Nf3 Bg4 7. Be2 Nd7
8. Be3 Qc7 9. Nh4 Bxe2 10. Qxe2 e6 11. O-O-O O-O-O 12. Kb1 Nb6 13. Nf3 c5 14.
c4 Be7 15. g3 Qc6 16. Ka1 Rd7 17. Rc1 Rhd8 18. Rhd1 Kb8 19. a3 Ka8 20. Ka2 cxd4
21. Rxd4 Bc5 22. Rxd7 Rxd7 23. Bxc5 Qxc5 24. Rc2 Qf5 25. c5 Nc8 26. c6 bxc6 27.
Rxc6 Nb6 28. Rc3 Qd5+ 29. Kb1 Kb7 30. Rc2 Qf5 31. Nd2 Rd4 32. f3 Qd5 33. Ne4 f5
34. Nc5+ Ka8 35. Qb5 Nd7 36. Qxd7 Rd1+ 37. Rc1 Rxc1+ 38. Kxc1 Qxc5+ 39. Kb1 Qc4
40. Qe8+ Kb7 41. Qxf7+ Kb6 42. Qd7 Qf1+ 43. Kc2 Qg2+ 44. Kc1 Qg1+ 45. Qd1 Qxh2
46. Qd6+ Kb7 47. Qd7+ Kb8 48. Qd8+ Kb7 49. Qe7+ Kb8 50. Qf8+ Kb7 51. Qg7+ Kb6
52. Qd4+ Kb7 53. Qb4+ Ka8 54. Qe1 e5 55. Qxe5 Qh1+ 56. Kd2 Qxf3 57. Qh8+ Kb7
58. Qxh7+ Kb6 59. Qh6+ Kb7 60. Qg7+ Kb8 61. Qe5+ Kb7 62. Qe7+ Kb8 63. Qe3 Qg2+
64. Kc1 Qd5 65. Kc2 Qc4+ 66. Qc3 Qe2+ 67. Kb1 Qe6 68. b4 Kb7 69. Kc1 Qd5 70. a4
a6 71. Kb2 Qg2+ 72. Ka3 Qd5 73. Qe3 Ka8 74. a5 Qd7 75. Qf3+ Kb8 76. Qe3 Ka8 77.
Kb2 Qd5 78. Kc3 Qc6+ 79. Kb2 Qd5 80. Qb3 Qd7 81. Qf3+ Kb8 82. Qf4+ Ka8 83. Qc4
Kb7 84. Qc3 Qd5 85. Qg7+ Ka8 86. Qf8+ Kb7 87. Qe7+ Ka8 88. Qe3 Qd7 89. Kc2 Qc6+
90. Kd2 Qd6+ 91. Kc3 Qc6+ 92. Kd4 Qd6+ 93. Kc4 Qc6+ 94. Kb3 Qd5+ 95. Kb2 Qd7
96. Qf3+ Kb8 97. Qf4+ Ka8 98. Kc3 Qd5 99. Qe3 Qc6+ 1/2-1/2

[Event "World Open 2014"]
[Site "Arlington, VA"]
[Date "2014.07.06"]
[Round "8"]
[White "Shimanov, Alex"]
[Black "Zapata, Alonso"]
[Result "0-1"]
[WhiteElo "2644"]
[BlackElo "2481"]
[PlyCount "55"]
[EventDate "2014.07.??"]
[EventType "swiss"]
[EventRounds "9"]
[EventCountry "USA"]

1. d4 Nf6 2. Bg5 c5 3. Bxf6 gxf6 4. d5 f5 5. c4 Bg7 6. Nc3 d6 7. Qc2 O-O 8. e3
e6 9. Rd1 a6 10. Nge2 b5 11. cxb5 axb5 12. Nxb5 exd5 13. Nec3 Be6 14. Nxd5 Bxd5
15. Rxd5 Rxa2 16. Nc3 Qa5 17. Kd1 Ra1+ 18. Ke2 Nc6 19. Rd2 Nd4+ 20. exd4 cxd4
21. Nb1 Bh6 22. Kf3 Qd5+ 23. Kg3 Rxb1 24. Qxb1 Bxd2 25. Qd1 Qe4 26. h4 Qf4+ 27.
Kh3 Qxf2 28. g3 0-1

[Event "World Open 2014"]
[Site "Arlington, VA"]
[Date "2014.07.06"]
[Round "8"]
[White "Friedel, Joshua"]
[Black "Lenderman, Aleksandr"]
[Result "0-1"]
[WhiteElo "2522"]
[BlackElo "2600"]
[PlyCount "100"]
[EventDate "2014.07.??"]
[EventType "swiss"]
[EventRounds "9"]
[EventCountry "USA"]

1. d4 Nf6 2. c4 e6 3. Nf3 d5 4. g3 Bb4+ 5. Bd2 Be7 6. Bg2 O-O 7. O-O c6 8. Bf4
b6 9. Nc3 Nbd7 10. cxd5 exd5 11. Rc1 Bb7 12. Qb3 Nh5 13. Bd2 Nhf6 14. Bf4 Nh5
15. Bd2 Nhf6 16. Rfd1 Re8 17. Bf4 Nh5 18. Be5 Nhf6 19. Bf4 Nh5 20. Be5 Nhf6 21.
a3 Bf8 22. Bxf6 Nxf6 23. e4 Nxe4 24. Nxe4 dxe4 25. Nd2 Qd5 26. Qe3 c5 27. Nf1
Qe6 28. Re1 Rad8 29. dxc5 Bxc5 30. Qf4 h6 31. Rc2 Bd6 32. Qh4 f5 33. Ne3 Bc5
34. Bf1 Kh7 35. Bc4 Qe5 36. b4 Bxe3 37. fxe3 Rc8 38. Rec1 Bd5 39. Be2 Rxc2 40.
Rxc2 Bb3 41. Rc6 Ba4 42. Rc1 Qb2 43. Re1 Qd2 44. Kf2 g5 45. Qh3 Rf8 46. Qg2 Bc2
47. h3 f4 48. gxf4 gxf4 49. exf4 Rxf4+ 50. Kg3 Qe3+ 0-1

[Event "World Open 2014"]
[Site "Arlington, VA"]
[Date "2014.07.06"]
[Round "8"]
[White "Shmelov, Denys"]
[Black "Shulman, Yury"]
[Result "1/2-1/2"]
[WhiteElo "2393"]
[BlackElo "2568"]
[PlyCount "110"]
[EventDate "2014.07.??"]
[EventType "swiss"]
[EventRounds "9"]
[EventCountry "USA"]

1. d4 Nf6 2. c4 c5 3. d5 e5 4. Nc3 d6 5. e4 Nbd7 6. h3 Be7 7. Nf3 O-O 8. Bd3
Nh5 9. g3 a6 10. a4 Rb8 11. Qc2 Kh8 12. Be3 g6 13. a5 Ndf6 14. Ne2 b5 15. axb6
Qxb6 16. Ra2 Ng8 17. g4 Ng7 18. Ng3 Qd8 19. Bd2 Qe8 20. Bc3 Bd8 21. Kd1 h5 22.
gxh5 Nf6 23. Qc1 Nfxh5 24. Nxh5 Nxh5 25. Qh6+ Kg8 26. Bd2 Bf6 27. Ng5 Bxg5 28.
Qxg5 f6 29. Qg2 Kg7 30. Be2 Nf4 31. Qg3 f5 32. exf5 Bxf5 33. Bxf4 exf4 34. Qc3+
Qe5 35. Kd2 Rb6 36. Qxe5+ dxe5 37. Kc3 Rfb8 38. Bd1 Kf6 39. b3 e4 40. Ra5 Rc8
41. Bc2 g5 42. Re1 Rh8 43. Rxc5 Rxh3+ 44. Kd4 e3 45. Bxf5 exf2 46. Rf1 Kxf5 47.
d6+ Kg4 48. Rd5 Rxd6 49. Rxd6 Kf3 50. Rxa6 g4 51. Ra2 g3 52. c5 Kg2 53. Raa1
Kf3 54. Ra2 Kg2 55. Raa1 Kf3 1/2-1/2

[Event "World Open 2014"]
[Site "Arlington, VA"]
[Date "2014.07.06"]
[Round "8"]
[White "Mandizha, Farai"]
[Black "Milman, Lev"]
[Result "1-0"]
[WhiteElo "2385"]
[BlackElo "2441"]
[PlyCount "63"]
[EventDate "2014.07.??"]
[EventType "swiss"]
[EventRounds "9"]
[EventCountry "USA"]

1. Nf3 d5 2. g3 c5 3. Bg2 Nf6 4. O-O e6 5. d3 Nc6 6. Nbd2 Be7 7. e4 O-O 8. Re1
Qc7 9. a4 dxe4 10. Nxe4 Nxe4 11. Rxe4 e5 12. a5 Bf5 13. Re1 Rad8 14. Qe2 f6 15.
Bd2 c4 16. d4 Nb4 17. Nh4 Bxc2 18. Bxb4 Bxb4 19. Qxc2 Bxe1 20. Rxe1 exd4 21.
Bh3 Qxa5 22. Qxc4+ Kh8 23. Re4 g5 24. Nf5 d3 25. Ne3 d2 26. Rd4 Qe5 27. Bd7 Qa5
28. Kg2 b5 29. Qd5 Rfe8 30. Qf7 Rf8 31. Qe7 Qb6 32. Bf5 1-0

[Event "World Open 2014"]
[Site "Arlington, VA"]
[Date "2014.07.06"]
[Round "8"]
[White "Gu, Christopher"]
[Black "Kannappan, Priyadharshan"]
[Result "0-1"]
[WhiteElo "2322"]
[BlackElo "2443"]
[PlyCount "108"]
[EventDate "2014.07.??"]
[EventType "swiss"]
[EventRounds "9"]
[EventCountry "USA"]

1. Nf3 c5 2. c4 Nc6 3. g3 g6 4. Bg2 Bg7 5. Nc3 Nf6 6. d4 cxd4 7. Nxd4 O-O 8.
O-O Qa5 9. Nb3 Qh5 10. e4 d6 11. Nd5 Qxd1 12. Rxd1 Bg4 13. f3 Be6 14. Bg5 Rfd8
15. Rac1 Rac8 16. Kf2 Kf8 17. Bf1 Nd7 18. Rd2 Nc5 19. Be3 b6 20. Be2 f5 21.
exf5 gxf5 22. Re1 Bf7 23. Nd4 Nxd4 24. Bxd4 e6 25. Bxg7+ Kxg7 26. Nc3 Be8 27.
Red1 Nb7 28. f4 Kf6 29. h3 Bc6 30. g4 h6 31. Rg1 Rg8 32. Rd3 Rcf8 33. b4 fxg4
34. hxg4 Ke7 35. Ke3 a6 36. a4 a5 37. Rb1 axb4 38. Rxb4 Nc5 39. Rd2 Nd7 40. Rb1
Rd8 41. Rbd1 Nf6 42. Rg1 Ra8 43. Rb2 Nd7 44. Bd1 Rg6 45. Rg3 Rf8 46. Rh2 Nf6
47. g5 hxg5 48. fxg5 Kd8 49. Bc2 Rg7 50. Rh6 Bd7 51. Ne2 Ng8 52. Rh8 e5 53. Nc3
Be6 54. Ne4 Ke7 0-1

[Event "World Open 2014"]
[Site "Arlington, VA"]
[Date "2014.07.06"]
[Round "8"]
[White "Shetty, Atulya"]
[Black "Korley, Kassa"]
[Result "0-1"]
[WhiteElo "2302"]
[BlackElo "2412"]
[PlyCount "106"]
[EventDate "2014.07.??"]
[EventType "swiss"]
[EventRounds "9"]
[EventCountry "USA"]

1. c4 e6 2. Nf3 Nf6 3. g3 d5 4. b3 a5 5. Bg2 a4 6. Bb2 Be7 7. O-O O-O 8. d3 Nc6
9. e3 Bd7 10. Qe2 Qb8 11. Nbd2 Qa7 12. Rfc1 Rfd8 13. Rab1 Be8 14. Ne5 axb3 15.
axb3 Qb8 16. Ng4 Nxg4 17. Qxg4 Bf8 18. Nf3 dxc4 19. bxc4 Ra2 20. Rd1 Qa7 21.
Nd4 Nxd4 22. Bxd4 b6 23. Qg5 Rb8 24. Qf4 Bd6 25. Qg5 Bf8 26. Ra1 h6 27. Rxa2
Qxa2 28. Qe5 Qa4 29. Ra1 Qd7 30. Ra7 Rc8 31. Bb7 c5 32. Bxc8 Qxa7 33. Bc3 Qa8
34. Qc7 Qa3 35. Qe5 Qc1+ 36. Kg2 Qc2 37. Bb7 Qxd3 38. Qb8 Qxc3 39. Qxe8 Qxc4
40. Qc6 Qb3 41. Ba6 g6 42. h4 h5 43. Be2 Kg7 44. e4 Be7 45. Qc7 Qb2 46. Bxh5
Bf6 47. Bg4 Be5 48. Qd8 Bd4 49. Bxe6 Qxf2+ 50. Kh3 fxe6 51. Qxb6 Be5 52. Qb3 c4
53. Qa3 Qxg3+ 0-1

[Event "World Open 2014"]
[Site "Arlington, VA"]
[Date "2014.07.06"]
[Round "8"]
[White "Cheng, Bindi"]
[Black "Denton, Bradley"]
[Result "1/2-1/2"]
[WhiteElo "2410"]
[BlackElo "2319"]
[PlyCount "80"]
[EventDate "2014.07.??"]
[EventType "swiss"]
[EventRounds "9"]
[EventCountry "USA"]

1. d4 d5 2. c4 c6 3. Nf3 Nf6 4. Nc3 dxc4 5. a4 Bf5 6. e3 e6 7. Bxc4 Bb4 8. O-O
O-O 9. Nh4 Bg4 10. f3 Bh5 11. g4 Nd5 12. Ng2 Bg6 13. Bd2 Nb6 14. Bb3 a5 15. Ne2
Na6 16. e4 Qe7 17. Bxb4 Nxb4 18. Qd2 c5 19. Qe3 Nd7 20. Rac1 Rac8 21. d5 exd5
22. Bxd5 Nxd5 23. exd5 Qxe3+ 24. Nxe3 Rfe8 25. Kf2 Bd3 26. Rfe1 c4 27. Nf4 Nc5
28. Ra1 Kf8 29. h4 Red8 30. Ra3 Rd6 31. Rc1 Rb6 32. Kg3 Rxb2 33. Nxc4 Bxc4 34.
Rxc4 Rb4 35. Rcc3 b6 36. Nd3 Rd4 37. Nxc5 Rxc5 38. Rxc5 bxc5 39. Rb3 Rxa4 40.
Rb5 Rd4 1/2-1/2

[Event "World Open 2014"]
[Site "Arlington, VA"]
[Date "2014.07.06"]
[Round "8"]
[White "Sosa, Rafael"]
[Black "Brattain, Mika"]
[Result "0-1"]
[WhiteElo "2397"]
[BlackElo "2285"]
[PlyCount "70"]
[EventDate "2014.07.??"]
[EventType "swiss"]
[EventRounds "9"]
[EventCountry "USA"]

1. e4 c6 2. d4 d5 3. e5 Bf5 4. Nf3 e6 5. Be2 Nd7 6. O-O Bg6 7. b3 Nh6 8. c4 Nf5
9. a3 Be7 10. Nc3 O-O 11. g4 Nh6 12. h3 Rc8 13. c5 Kh8 14. Bf4 f6 15. exf6 Bxf6
16. Bd6 Be7 17. Bg3 Nf7 18. b4 Bf6 19. h4 h6 20. Re1 Re8 21. Kg2 e5 22. h5 Bh7
23. dxe5 Ndxe5 24. Nd4 Rc7 25. Qd2 Rce7 26. Red1 Qc8 27. f3 Ng5 28. Re1 Ne6 29.
Nxe6 Qxe6 30. Bf1 Qf7 31. Be2 Nxg4 32. fxg4 Bxc3 33. Qxc3 Rxe2+ 34. Rxe2 Rxe2+
35. Kh3 Bf5 0-1

[Event "World Open 2014"]
[Site "Arlington, VA"]
[Date "2014.07.06"]
[Round "8"]
[White "Avendano, Paul"]
[Black "Bodek, Michael"]
[Result "0-1"]
[WhiteElo "2241"]
[BlackElo "2389"]
[PlyCount "98"]
[EventDate "2014.07.??"]
[EventType "swiss"]
[EventRounds "9"]
[EventCountry "USA"]

1. Nf3 e6 2. g3 g5 3. h3 d5 4. d4 h6 5. Bg2 Bg7 6. Nbd2 Nc6 7. c3 f5 8. e3 Nge7
9. h4 Ng6 10. hxg5 hxg5 11. Rxh8+ Nxh8 12. Nb3 Nf7 13. Qc2 b6 14. a3 Bb7 15.
Bd2 Qd7 16. O-O-O O-O-O 17. Rh1 Rh8 18. Rxh8+ Bxh8 19. Qd1 g4 20. Nh4 Ng5 21.
Ng6 Qh7 22. Nf4 Nd8 23. Be1 Qh2 24. Nd2 a5 25. Qe2 Ndf7 26. c4 dxc4 27. Bxb7+
Kxb7 28. Nxc4 Qh1 29. Kc2 Qc6 30. Kb1 e5 31. dxe5 Nxe5 32. Nxe5 Bxe5 33. Nd3
Bd6 34. Qc2 Ne4 35. Qb3 a4 36. Qc2 Qxc2+ 37. Kxc2 Kc6 38. Nc1 Kd5 39. Ne2 Be5
40. Ng1 c5 41. Ne2 Kc4 42. Nc1 b5 43. Nd3 Bc7 44. Bd2 b4 45. axb4 Nxd2 46. Kxd2
cxb4 47. Kc2 b3+ 48. Kd2 Ba5+ 49. Ke2 Bc3 0-1

[Event "World Open 2014"]
[Site "Arlington, VA"]
[Date "2014.07.06"]
[Round "8"]
[White "Burke, John"]
[Black "Santarius, Erik"]
[Result "0-1"]
[WhiteElo "2104"]
[BlackElo "2332"]
[PlyCount "228"]
[EventDate "2014.07.??"]
[EventType "swiss"]
[EventRounds "9"]
[EventCountry "USA"]

1. e4 e5 2. Nf3 Nc6 3. Bb5 a6 4. Ba4 g6 5. O-O Bg7 6. c3 Nge7 7. d4 exd4 8.
cxd4 b5 9. Bc2 d5 10. exd5 Nxd5 11. Nc3 O-O 12. Bg5 Nxc3 13. bxc3 Qd6 14. Re1
Be6 15. Be4 Bd5 16. Bf4 Qxf4 17. Bxd5 Qd6 18. Be4 Rab8 19. Qe2 Rfe8 20. a4 b4
21. Qxa6 Nxd4 22. Qxd6 Nxf3+ 23. Bxf3 cxd6 24. a5 Bxc3 25. Rxe8+ Rxe8 26. Rb1
Re5 27. a6 Ra5 28. Be2 d5 29. Kf1 Kf8 30. Bf3 d4 31. Be2 b3 32. Bd3 b2 33. Ke2
Ke7 34. Kd1 Kd6 35. Kc2 Ra3 36. Bc4 f6 37. Be2 Kc5 38. Bd3 Kb4 39. Be2 Ra5 40.
Bd3 Rc5 41. Be4 Ra5 42. Bd3 f5 43. Be2 Ra2 44. h3 h6 45. Bd3 Ra5 46. Be2 h5 47.
g3 Ra1 48. Bd3 Kc5 49. f3 Ra3 50. g4 h4 51. gxf5 gxf5 52. Rg1 Ra1 53. Rb1 Kb4
54. f4 Ra5 55. Be2 Ra3 56. Bf1 Kc5 57. Bd3 Kd5 58. Rg1 Kc5 59. Rb1 Kb6 60. Rg1
Ra1 61. Rb1 Ra4 62. Rg1 Rb4 63. Rb1 Ra4 64. Rg1 Kc7 65. Rg7+ Kd6 66. Rg1 Ke7
67. Rb1 Kf6 68. Rg1 Ra1 69. Rb1 Ra3 70. Be2 d3+ 71. Bxd3 Bd4 72. Kd2 Kg6 73.
Rf1 Ra5 74. Rb1 Rc5 75. Be2 Bc3+ 76. Kd3 Bf6 77. Kd2 Ra5 78. Bd3 Kf7 79. Bc4+
Ke7 80. Bd3 Kd6 81. a7 Rxa7 82. Bxf5 Kd5 83. Bd3 Rg7 84. Re1 Rg2+ 85. Ke3 Bd4+
86. Kf3 Rg3+ 87. Ke2 Rxh3 88. Kd2 Rh2+ 89. Re2 Rh3 90. Bb1 Rg3 91. Rh2 h3 92.
Rh1 Bg1 93. Kc2 Rg2+ 94. Kc3 h2 95. Kd3 Rg7 96. Ba2+ Kd6 97. Kc3 Rb7 98. Bb1
Rb6 99. Kc2 Ke6 100. Kc3 Kf6 101. Kc2 Kf5 102. Kd3 Kxf4 103. Kc2 Ke3 104. Kc3
Rb8 105. Kc2 Kd4 106. Ba2 Rb7 107. Bb1 Rb5 108. Ba2 Ke4 109. Bb1 Kf3 110. Kc3
Rb8 111. Kc2 Kg2 112. Kd1 Rb4 113. Ke2 Kxh1 114. Kf1 Rf4+ 0-1

[Event "World Open 2014"]
[Site "Arlington, VA"]
[Date "2014.07.06"]
[Round "8"]
[White "Kaufman, Lawrence"]
[Black "Li, Ethan"]
[Result "0-1"]
[WhiteElo "2329"]
[BlackElo "2165"]
[PlyCount "42"]
[EventDate "2014.07.??"]
[EventType "swiss"]
[EventRounds "9"]
[EventCountry "USA"]

1. d4 Nf6 2. c4 e6 3. Nf3 d5 4. Nc3 c6 5. Bg5 dxc4 6. e4 b5 7. e5 h6 8. Bh4 g5
9. Nxg5 hxg5 10. Bxg5 Be7 11. exf6 Bxf6 12. Bxf6 Qxf6 13. g3 Na6 14. Bg2 Bb7
15. Nxb5 O-O-O 16. Nc3 Nb4 17. O-O Nd3 18. Qa4 Nf4 19. Bxc6 Qh6 20. Bxb7+ Kb8
21. h4 Qxh4 0-1

[Event "World Open 2014"]
[Site "Arlington, VA"]
[Date "2014.07.06"]
[Round "8"]
[White "Yuvarajan, Prathiba"]
[Black "Neimer, Vitaly"]
[Result "1/2-1/2"]
[WhiteElo "2194"]
[BlackElo "2375"]
[PlyCount "74"]
[EventDate "2014.07.??"]
[EventType "swiss"]
[EventRounds "9"]
[EventCountry "USA"]

1. e4 e6 2. d4 d5 3. Nd2 c5 4. exd5 Qxd5 5. Ngf3 cxd4 6. Bc4 Qd6 7. O-O Nf6 8.
Nb3 Nc6 9. Nbxd4 Nxd4 10. Nxd4 Be7 11. Be3 O-O 12. Qf3 a6 13. Rad1 Qc7 14. Bb3
Rd8 15. Rfe1 e5 16. Nf5 Bxf5 17. Qxf5 Rxd1 18. Rxd1 Rd8 19. Rxd8+ Bxd8 20. Bg5
g6 21. Qd3 Kg7 22. Bxf6+ Bxf6 23. c3 a5 24. Qd5 Bg5 25. Bc4 Bc1 26. b3 Bb2 27.
Qd2 Ba3 28. Kf1 b6 29. Ke2 Qe7 30. Qd5 Bc5 31. g3 e4 32. b4 axb4 33. cxb4 Bxb4
34. Qd4+ Qf6 35. Qxf6+ Kxf6 36. Bd5 Bc5 37. Bxe4 Ke5 1/2-1/2

[Event "World Open 2014"]
[Site "Arlington, VA"]
[Date "2014.07.06"]
[Round "8"]
[White "Goletiani, Rusudan"]
[Black "Song, Edward"]
[Result "1/2-1/2"]
[WhiteElo "2325"]
[BlackElo "2258"]
[PlyCount "185"]
[EventDate "2014.07.??"]
[EventType "swiss"]
[EventRounds "9"]
[EventCountry "USA"]

1. c4 e5 2. Nc3 Nf6 3. g3 Bc5 4. Bg2 Nc6 5. d3 a6 6. a3 h6 7. e3 Ba7 8. Nge2 d6
9. b4 O-O 10. O-O Rb8 11. Bb2 Ne7 12. d4 c6 13. c5 exd4 14. exd4 Bf5 15. Re1
Rc8 16. Nf4 Qd7 17. Qb3 Ng6 18. Nxg6 Bxg6 19. Rad1 Bh5 20. Rc1 Rce8 21. h3 Re7
22. Rxe7 Qxe7 23. a4 Re8 24. Ba3 dxc5 25. dxc5 Rd8 26. Qc4 Qe5 27. b5 Rd4 28.
Qa2 Bb8 29. bxc6 bxc6 30. Qb1 Rd2 31. Re1 Qc7 32. Ne4 Nxe4 33. Qxe4 Rd8 34.
Qxc6 Bg6 35. Qxa6 Kh7 36. Qb6 Qd7 37. c6 Qd2 38. Bb4 Qd4 39. Qxd4 Rxd4 40. Ba5
Rc4 41. Bb6 Rxa4 42. c7 Bxc7 43. Bxc7 Rc4 44. Bf4 h5 45. h4 Ra4 46. Bf3 f6 47.
Kg2 Bf7 48. Re7 Kg8 49. Rd7 Ra5 50. Rd8+ Kh7 51. Be4+ Bg6 52. Bxg6+ Kxg6 53.
Rd7 Ra8 54. Kf3 Ra3+ 55. Be3 Rc3 56. Ke4 Rc4+ 57. Bd4 Rc8 58. Re7 Rc4 59. f3
Rb4 60. Rd7 Rc4 61. Kd5 Ra4 62. Bc5 Ra8 63. Ke6 Re8+ 64. Re7 Rc8 65. Kd5 Rd8+
66. Bd6 Rc8 67. Rc7 Re8 68. Kc6 Ra8 69. Kd7 Kf7 70. Rc5 Kg6 71. Ke6 Re8+ 72.
Be7 Rb8 73. g4 hxg4 74. fxg4 Rb6+ 75. Bd6 Ra6 76. Rb5 Ra7 77. h5+ Kh7 78. Bf4
Ra4 79. Kf5 Rc4 80. Rd5 Ra4 81. Rc5 Rb4 82. Bd6 Rb7 83. Rc8 Rb5+ 84. Bc5 Rb1
85. Bd6 Rb5+ 86. Rc5 Rb7 87. Rc7 Rb5+ 88. Bc5 Ra5 89. Ke4 Ra4+ 90. Bd4 Rb4 91.
Rc1 Ra4 92. Rd1 Ra5 93. Rh1 1/2-1/2

[Event "World Open 2014"]
[Site "Arlington, VA"]
[Date "2014.07.06"]
[Round "8"]
[White "Vibbert, Sean"]
[Black "Wheeler, Cameron"]
[Result "1-0"]
[WhiteElo "2316"]
[BlackElo "2242"]
[PlyCount "42"]
[EventDate "2014.07.??"]
[EventType "swiss"]
[EventRounds "9"]
[EventCountry "USA"]

1. e4 e6 2. Nc3 d5 3. d4 Nf6 4. Bg5 dxe4 5. Nxe4 Nbd7 6. Nf3 h6 7. Nxf6+ Nxf6
8. Bh4 c5 9. Bb5+ Bd7 10. Bxd7+ Qxd7 11. Qe2 cxd4 12. O-O-O Bc5 13. Qe5 Qe7 14.
Rhe1 O-O-O 15. Nxd4 g5 16. Bg3 Bd6 17. Nf5 exf5 18. Qxf5+ Qd7 19. Qxf6 Rhe8 20.
Qc3+ Qc6 21. Rxe8 Rxe8 1-0

[Event "World Open 2014"]
[Site "Arlington, VA"]
[Date "2014.07.06"]
[Round "8"]
[White "Schut, Han"]
[Black "Li, Ruifeng"]
[Result "0-1"]
[WhiteElo "2153"]
[BlackElo "2305"]
[PlyCount "80"]
[EventDate "2014.07.??"]
[EventType "swiss"]
[EventRounds "9"]
[EventCountry "USA"]

1. e4 c5 2. Nf3 d6 3. d4 cxd4 4. Nxd4 Nf6 5. f3 e5 6. Bb5+ Nbd7 7. Nf5 a6 8.
Bxd7+ Qxd7 9. c4 Qc6 10. Ne3 Be6 11. b3 b5 12. Qd3 Rc8 13. Na3 bxc4 14. Naxc4
d5 15. exd5 Nxd5 16. Nxd5 Bxd5 17. Ne3 Be6 18. O-O Bc5 19. Bd2 O-O 20. Kh1 Rfd8
21. Qe2 Qd6 22. Ba5 Qd3 23. Rfe1 Qxe2 24. Rxe2 Rd3 25. Nc2 f6 26. h3 Kf7 27.
Rae1 g5 28. Rf1 h5 29. Bd2 Ba7 30. Nb4 Rd6 31. Be3 Bxe3 32. Rxe3 Bf5 33. g4 Bh7
34. a4 a5 35. Na2 Rc2 36. Nc3 Rd3 37. Nd1 Rdd2 38. Rfe1 Bd3 39. Rxd3 Rxd3 40.
Ne3 Rcc3 0-1

[Event "World Open 2014"]
[Site "Arlington, VA"]
[Date "2014.07.06"]
[Round "8"]
[White "Helfst, Matt"]
[Black "Chan, James"]
[Result "1/2-1/2"]
[WhiteElo "1951"]
[BlackElo "2023"]
[PlyCount "23"]
[EventDate "2014.07.??"]
[EventType "swiss"]
[EventRounds "9"]
[EventCountry "USA"]

1. d4 Nf6 2. Nf3 g6 3. c4 Bg7 4. Nc3 d5 5. Bf4 O-O 6. e3 c5 7. Rc1 cxd4 8. Nxd4
Nc6 9. cxd5 Nxd5 10. Nxc6 bxc6 11. Nxd5 cxd5 12. Bc7 1/2-1/2

[Event "World Open 2014"]
[Site "Arlington, VA"]
[Date "2014.07.06"]
[Round "9.2"]
[White "Nyzhnyk, Illia"]
[Black "Perez, Yuniesky"]
[Result "1/2-1/2"]
[WhiteElo "2628"]
[BlackElo "2655"]
[PlyCount "70"]
[EventDate "2014.07.??"]
[EventType "swiss"]
[EventRounds "9"]
[EventCountry "USA"]
[WhiteClock "0:38:55"]
[BlackClock "0:13:00"]

1. d4 Nf6 2. c4 e6 3. Nf3 Bb4+ 4. Nbd2 O-O 5. a3 Be7 6. e4 d5 7. e5 Nfd7 8. Bd3
c5 9. h4 g6 10. h5 cxd4 11. Qc2 Nc5 12. hxg6 Nxd3+ 13. Qxd3 fxg6 14. cxd5 Qxd5
15. Qxd4 Nc6 16. Qxd5 exd5 17. b4 Bf5 18. Bb2 Bd3 19. Nb3 a5 20. bxa5 Be4 21.
Ke2 Bxf3+ 22. gxf3 Nxa5 23. Nxa5 Rxa5 24. Rhc1 Bc5 25. Rab1 b6 26. Rd1 Rd8 27.
f4 Ra4 28. Bc1 Kf7 29. Rh1 h5 30. Rb3 Re4+ 31. Kf3 Ra8 32. Rd3 Rd4 33. Rxd4
Bxd4 34. Rd1 Ra4 35. Be3 Bc5 1/2-1/2

[Event "World Open 2014"]
[Site "Arlington, VA"]
[Date "2014.07.06"]
[Round "9.3"]
[White "Holt, Conrad"]
[Black "Paragua, Mark"]
[Result "1-0"]
[WhiteElo "2556"]
[BlackElo "2506"]
[PlyCount "47"]
[EventDate "2014.07.??"]
[EventType "swiss"]
[EventRounds "9"]
[EventCountry "USA"]
[WhiteClock "0:19:38"]
[BlackClock "0:00:17"]

1. d4 Nf6 2. c4 g6 3. Nc3 d5 4. Nf3 Bg7 5. Qb3 dxc4 6. Qxc4 O-O 7. e4 Na6 8.
Be2 c5 9. d5 Bg4 10. O-O Nd7 11. Qb3 Qb6 12. Bg5 Rfe8 13. Qc2 Rac8 14. Rfd1 Qa5
15. Bb5 Nb4 16. Qe2 c4 17. h3 Bxf3 18. gxf3 Qc7 19. Bxe7 Rxe7 20. d6 Qc5 21.
dxe7 Qg5+ 22. Kf1 Ne5 23. f4 Qh4 24. Rd8+ 1-0

[Event "World Open 2014"]
[Site "Arlington, VA"]
[Date "2014.07.06"]
[Round "9"]
[White "Laznicka, Viktor"]
[Black "Shabalov, Alexander"]
[Result "1-0"]
[WhiteElo "2679"]
[BlackElo "2501"]
[PlyCount "59"]
[EventDate "2014.07.??"]
[EventType "swiss"]
[EventRounds "9"]
[EventCountry "USA"]

1. d4 Nf6 2. c4 g6 3. f3 Bg7 4. e4 d6 5. Ne2 O-O 6. Be3 a6 7. Nbc3 Nc6 8. Qd2
Na5 9. Nc1 Nd7 10. Be2 c5 11. Nb3 Nxb3 12. axb3 cxd4 13. Bxd4 Bxd4 14. Qxd4 Nc5
15. Ra3 Be6 16. b4 Nd7 17. Kf2 Rc8 18. Nd5 Ne5 19. Re3 f6 20. Rd1 Bf7 21. f4
Kg7 22. c5 Rc6 23. cxd6 Qxd6 24. fxe5 fxe5 25. Qa7 Bxd5+ 26. Kg1 Qxb4 27. exd5
Rb6 28. Rxe5 Qc5+ 29. Kh1 Rf2 30. Re6 1-0